Responses for Show #3069 - Thursday, December 25, 1997

Contestants

[<< previous game]

Nancy Hungerford-Levine, a college student from Milwaukie, Oregon

Fritz Torp, a high school English teacher from Santa Cruz, California

Joyce Gray, a Spanish teacher originally from Anchorage, Alaska (whose 1-day cash winnings total $17,201)

[next game >>]

Jeopardy! Round responses

AUTHORS & THEIR WORKS
WEDDINGS
"G" MOVIES
STATE CAPITALS
COLLEGES & UNIVERSITIES
ODD WORDS
    $100 3
Leo Tolstoy

Nancy
    $100 21
a tuxedo

Joyce
    $100 1
Groundhog Day

Joyce
    $100 8
Baton Rouge

Joyce
    $100 26
Indiana

Fritz
    $100 12
ringing in the ears

Nancy
    $200 4
James Fenimore Cooper

Joyce
    $200 22
the father of the bride

Joyce
    $200 2
Gigi

Fritz
    $200 9
Pierre

Fritz
    $200 27
Wisconsin

Joyce
    $200 13
pregnant

Fritz
    $300 5
William Makepeace Thackeray

Fritz
    $300 23
cameras

Joyce
    $300 16
Gidget

Nancy
    $300 10
Salem

Fritz
    $300 28
(Joyce: What is Michigan?)

Michigan State

JoyceFritz
    $300 14
(Nancy: What is walking in your sleep?)

talking in your sleep

JoyceNancy
    $400 6
Anne Tyler

Fritz
    $400 24
rehearsal

Joyce
    $400 19
Gentlemen Prefer Blondes

Nancy
    $1,900 11
(Fritz: What is Annapolis?)

Trenton, New Jersey

Fritz
    $400 29
blue & gray

Joyce
    $400 17
mummies

Fritz
    $500 7
Niccolo Machiavelli

Fritz
    $500 25
a huppah

Triple Stumper
    $500 20
Glory

Joyce
    $500 15
(Joyce: What is Denver?)

Santa Fe, New Mexico

JoyceFritz
    $500 30
Rice

Joyce
    $500 18
a nose

Joyce

Scores at the first commercial break (after clue 15):

Joyce Fritz Nancy
$200 $700 -$100

Scores at the end of the Jeopardy! Round:

Joyce Fritz Nancy
$3,000 $1,500 $600

Double Jeopardy! Round responses

MY TRUE LOVE GAVE TO ME
LORDS A-LEAPING
LADIES DANCING
MAIDS A-MILKING
FIVE GOLDEN "RING"s
THE PARTRIDGE FAMILY
    $200 1
Godiva

Joyce
    $200 16
Sir Laurence Olivier

Joyce
    $200 11
(Fritz: Who is Judy Carne?)

Goldie Hawn

JoyceFritz
    $200 25
cream

Joyce
    $200 20
"ring around the collar"

Joyce
    $200 6
Happy

Fritz
    $400 2
sachets

Joyce
    $400 17
Alfred Hitchcock

Nancy
    $400 12
Sarah Jessica Parker

Nancy
    $400 26
calcium

Fritz
    $1,500 21
(Joyce: What is a golden ring?)
...
(Alex: There would be a lot more people riding carousels if the rings were gold!)

a brass ring

Joyce
    $400 7
a school bus

Joyce
    $600 3
a nosegay

Joyce
    $600 18
(Fritz: Who is Mountbatten?)

Lord Randolph Churchill

Fritz
Triple Stumper
    $600 13
Courteney Cox

Fritz
    $600 27
(Joyce: What is pasteurization?)

homogenization

JoyceNancy
    $600 22
a teething ring

Fritz
    $600 8
Danny

Joyce
    $800 4
(Joyce: What are candlesticks?)

(wooden) spoons

Joyce
Triple Stumper
    $800 19
(Joyce: What are racehorses?)

newspapers

JoyceFritz
    $800 14
Paula Abdul

Nancy
    $800 28
A & D

Nancy
    $800 23
a napkin ring

Nancy
    $800 9
"I Think I Love You"

Joyce
    $1000 5
emeralds

Joyce
    $2,000 30
(Nancy: I don't know--Olivier?)

Lord Chesterfield

Nancy
    $1000 15
White Christmas

Nancy
    $1000 29
raw milk

Nancy
    $1000 24
the Ring of Fire

Nancy
    $1000 10
Susan Dey

Joyce

Scores at the end of the Double Jeopardy! Round:

Joyce Fritz Nancy
$5,100 $3,300 $5,400

[wagering suggestions for these scores]

Final Jeopardy! Round responses

JOURNALISM
FritzWhat is "Is there a Santa Claus?"
$3,200
JoyceWhat is "Is there a Santa Claus?"
$4,000
NancyWhat is "is there a Santa Claus?"
$200
"Is there a Santa Claus?" ("Yes, Virginia...")

Final scores:

Joyce Fritz Nancy
$9,100 $6,500 $5,600
2-day champion: $26,301 2nd place: Trip to Woodstock Inn & Resort, Vermont 3rd place: Panasonic Large LCD Palmcorder

Game dynamics:

Coryat scores:

Joyce Fritz Nancy
$6,600 $5,200 $7,400
25 R,
6 W
(including 1 DD)
16 R,
3 W
(including 1 DD)
13 R,
2 W
(including 1 DD)

Combined Coryat: $19,200

[game clues] [game scores] [suggest correction]

Game tape date: Unknown
The J! Archive is created by fans, for fans. Scraping, republication, monetization, and malicious use prohibited; this site may use cookies and collect identifying information. See terms. The Jeopardy! game show and all elements thereof, including but not limited to copyright and trademark thereto, are the property of Jeopardy Productions, Inc. and are protected under law. This website is not affiliated with, sponsored by, or operated by Jeopardy Productions, Inc. Join the discussion at JBoard.tv.